Risk management (Record no. 69708)

MARC details
000 -LEADER
fixed length control field 00745cam a2200181 4500
001 - CONTROL NUMBER
control field ABS65125
008 - FIXED-LENGTH DATA ELEMENTS--GENERAL INFORMATION
fixed length control field 020306n2002 000 0 eng u
035 ## - SYSTEM CONTROL NUMBER
System control number (Sirsi) u117018
245 ## - TITLE STATEMENT
Title Risk management
260 ## - PUBLICATION, DISTRIBUTION, ETC.
Date of publication, distribution, etc. 2002
490 ## - SERIES STATEMENT
Series statement Law Society's Gazette
Volume/sequential designation 99(06) 7 February 2002, 36(1)
520 ## - SUMMARY, ETC.
Summary, etc. Practical guidance given on instructing experts with a planned procedure, so that a clear set of intsructions can be given. It should identify issues to be addressed. Responsibility will often rest with the instructing solicitor, so organisation is essential. Prepared by St Paul risk management team.
590 ## - LOCAL NOTE (RLIN)
Local note ABS
650 ## - SUBJECT ADDED ENTRY--TOPICAL TERM
Topical term or geographic name entry element EXPERT WITNESSES
650 ## - SUBJECT ADDED ENTRY--TOPICAL TERM
Topical term or geographic name entry element RISK MANAGEMENT
690 ## - LOCAL SUBJECT ADDED ENTRY--TOPICAL TERM (OCLC, RLIN)
Topical term or geographic name as entry element Dispute resolution
9 (RLIN) 6236
942 ## - ADDED ENTRY ELEMENTS (KOHA)
Suppress in OPAC 0
Holdings
Withdrawn status Lost status Source of classification or shelving scheme Damaged status Not for loan Home library Current library Shelving location Date acquired Total Checkouts Full call number Barcode Date last seen Copy number Price effective from Koha item type
    Dewey Decimal Classification     London London Journal article 06/03/2002   ABS65125 117018-1001 06/08/2019 1 06/08/2019 Journal article